Kraftklub - Songs für Liam (Lyrics) - Statistiken

Allgemein
  • Dieses Quiz wurde 477 mal gespielt
  • Das Durchschnittsergebnis liegt bei 199 aus 264
Antwortstatistiken
Hint Antwort % Korrekt
für
97%
so
97%
du
96%
Liam
96%
da
95%
Songs
95%
mich
94%
küsst,
93%
küsst
93%
wenn
93%
Wenn
93%
wie
93%
wieder
91%
die
90%
Die
90%
dann
88%
Dann
88%
Und
87%
und
87%
ein
86%
schreibt
86%
zu
85%
ist
84%
der
83%
Welt
83%
bisschen
82%
scheiße
81%
weniger
81%
Uns
80%
zurück
80%
aus
79%
Berlin
79%
komm'n
79%
das
78%
Das
78%
Noel
78%
Wir
78%
wir
78%
nicht
77%
unsere
77%
wahr
77%
Freunde
76%
Ich
76%
doch
75%
Refrain Doch
75%
sind
73%
war
72%
keine
71%
aber
69%
Aber
69%
alle
69%
an
69%
hätte
68%
hier
68%
man
68%
wäre
68%
beide
67%
Dinge
67%
Dinge
67%
es
67%
jetzt
66%
viel
66%
Bar
64%
Mal
64%
mal
64%
nie
64%
oder
64%
AIDS
63%
Refrain Denn
63%
besiegt
62%
traurig
62%
geküsst,
61%
in
61%
Black
60%
früher
60%
geht
60%
neuen
60%
vor
60%
Folgen
59%
Hättest
59%
Hunde,
59%
mehr
59%
Musik,
59%
nur
59%
produziert
59%
Tag
59%
bleibst
58%
Leute
58%
Mario
58%
Monkeys
58%
schlimme
58%
geh'n
57%
jeden
57%
Schweiger
57%
Til
57%
Barth,
56%
darf
56%
Eyed
56%
Film
56%
keinen
56%
kontrolliert
56%
Mädchen,
56%
Peas
56%
Scrubs
56%
gäb'
55%
rauchen
55%
S-Bahn
55%
vermeidbar
55%
Arctic
54%
Dabei
54%
einzigen
54%
Generell
54%
steh'n
54%
hinzunehm'n,
53%
romantischen
53%
weiger'
53%
hast
52%
müssen
52%
passiert,
52%
zum
52%
passier'n
51%
Unzumutbarkeiten
51%
Lied
50%
alles
49%
kann
49%
rausgehen,
49%
Chance,
47%
woll'n
47%
Zukunft
47%
dritten
46%
kommt
46%
Vieles
46%
dasselbe
45%
Mittlerweile
45%
verbessern
45%
Nineties
42%
ändern,
41%
gestern
41%
Josh
41%
nichts
39%
komm'n
37%
Daran
36%
Homme
22%
Keine übereinstimmenden Quizze gefunden
Verteilung der Resultate
Anzahl Personen mit jedem Resultat
Perzentil nach korrekt beantworteten Fragen
Ihre Resultats-Entwicklung
Sie haben dieses Quiz noch nicht gespielt